000 01466nam a22003977a 4500
003 OSt
005 20230531153704.0
008 221006b |||||||| |||| 00| 0 eng d
040 _cBiblioteca Lado V
082 _a709.05
_bV152t
100 _9840
_aValencia, Natalia
_eeditora
245 _aTerremoto/
_bFayuquerxs/
260 _aMexico
_bMuseo Jumex
_c2017
300 _c22x34cm
_a104p.
366 _eeng
366 _espa
490 _a10
_v2017
505 _aDerribo de monumentos y representación histórica
505 _aPerformatividades Callejeras
505 _aPara las duras y otros cuerpos efímeros
505 _aSomos perros enamorados de nuestro propio vomito
505 _aTradicion tropical tradicion traduccion tropical
505 _aBuscando entre IN SEARCH BETWEEN
505 _aOscuridad detras del arte
505 _aCambiando Limites
505 _aSobrevivir a través del contrabando
505 _aCasas, mansiones y pirámides
505 _aNacionalizacion de dos TVs Samsung
505 _aEl resultado imprevisible de la exposición mutua
650 _2Tesauro de Arte & Arquitectura
_aARTE
_9703
650 _2Tesauro de Arte & Arquitectura
_aEXPOSICIONES
_9702
650 _2Tesauro de Arte & Arquitectura
_aARTE CONTEMPORANEO
_9702
650 _2Tesauro de Arte & Arquitectura
_aARTE AMERICANO
650 _2Tesauro de Arte & Arquitectura
_aINGLES
942 _2ddc
_c1
_h709.05
_iV152t
_n0
999 _c3783
_d3783